English constitutional history from the teutonic conquest to the present time / (Record no. 106370)

MARC details
000 -LEADER
campo de control de longitud fija 00755nam a2200217 i 4500
001 - NÚMERO DE CONTROL
campo de control 106370
003 - IDENTIFICADOR DE NÚMERO DE CONTROL
campo de control ES-MaACL
005 - FECHA Y HORA DE LA ÚLTIMA TRANSACCIÓN
campo de control 20230906184128.0
007 - CAMPO FIJO DE DESCRIPCIÓN FÍSICA--INFORMACIÓN GENERAL
campo de control de longitud fija t|
008 - DATOS DE LONGITUD FIJA--INFORMACIÓN GENERAL
campo de control de longitud fija 061103s1905 xxk ||||1| eng d
080 ## - NÚMERO DE LA CLASIFICACIÓN DECIMAL UNIVERSAL
Número de la Clasificación Decimal Universal 342.4(410)(091)
100 1# - ENTRADA PRINCIPAL--NOMBRE DE PERSONA
Nombre de persona Taswell-Langmead, Thomas Pitt.
9 (RLIN) 109378
245 10 - MENCIÓN DEL TÍTULO
Título English constitutional history from the teutonic conquest to the present time /
Mención de responsabilidad, etc. by Thomas Pitt Taswell-Langmead.
250 ## - MENCION DE EDICION
Mención de edición 6 th. ed. rev. / by Philip A. Ashworth.
260 ## - PUBLICACIÓN, DISTRIBUCIÓN, ETC.
Lugar de publicación, distribución, etc. London :
Nombre del editor, distribuidor, etc. Stevens & Haynes,
Fecha de publicación, distribución, etc. 1905.
300 ## - DESCRIPCIÓN FÍSICA
Extensión XXIV, 639 p. ;
Dimensiones 22 cm.
500 ## - NOTA GENERAL
Nota general Biblioteca Jacinto Martínez Lacalle.
651 #4 - PUNTO DE ACCESO ADICIONAL DE MATERIA--NOMBRE GEOGRÁFICO
Nombre geográfico Gran Bretaña-
Subdivisión general Historia constitucional.
9 (RLIN) 8756
700 1# - ENTRADA AGREGADA--NOMBRE PERSONAL
Nombre de persona Ashworth, Philip A.
9 (RLIN) 23607
852 ## - LOCALIZACIÓN
Ubicación ES-MaACL
Número de control de estantería E-11355
Holdings
Estatus retirado Estado de pérdida Estado de daño No para préstamo Biblioteca de origen Biblioteca actual Ubicación en estantería Fecha de adquisición Fuente de adquisición Total de préstamos Signatura topográfica completa Código de barras Visto por última vez Precio de reemplazo Tipo de ítem Koha
        Biblioteca del Ateneo de Madrid Biblioteca del Ateneo de Madrid Depósito 2 17/01/2008     E-11355 1111039 23/02/2023 23/02/2023 Libro impreso